| 000 | 00846nam a22001697a 4500 | ||
|---|---|---|---|
| 005 | 20260228174410.0 | ||
| 010 | _aBACCHHN26 | ||
| 020 |
_c450.00 _a9789395851480 |
||
| 037 | _bअमर साहित्य सदन | ||
| 082 | _a920 | ||
| 100 |
_aवार्ष्णेय, विनायक _987909 |
||
| 245 |
_aसत्यवादी राजा हरिशचन्द्र / _cविनायक वार्ष्णेय |
||
| 260 |
_aदिल्ली _bअमर साहित्य सदन _c2024 |
||
| 270 |
_bदिल्ली _a1/5, द्वितीय तल , दक्ष रोड ,विश्वास नगर , शाहदरा _e110032 |
||
| 300 |
_a144 पृ.; _c22सेमी (सजिल्द) _bसचित्र |
||
| 942 |
_2ddc _cCH _h920 _mवार्ष्णेय |
||
| 999 |
_c215262 _d215262 |
||